<?xml version='1.0' encoding='UTF-8'?><?xml-stylesheet href='static/style.xsl' type='text/xsl'?><OAI-PMH xmlns="http://www.openarchives.org/OAI/2.0/" xmlns:xsi="http://www.w3.org/2001/XMLSchema-instance" xsi:schemaLocation="http://www.openarchives.org/OAI/2.0/ http://www.openarchives.org/OAI/2.0/OAI-PMH.xsd"><responseDate>2026-05-01T08:30:12Z</responseDate><request verb="GetRecord" identifier="oai:ebiltegia.mondragon.edu:20.500.11984/5480" metadataPrefix="marc">https://ebiltegia.mondragon.edu/oai/request</request><GetRecord><record><header><identifier>oai:ebiltegia.mondragon.edu:20.500.11984/5480</identifier><datestamp>2024-03-04T11:17:45Z</datestamp><setSpec>com_20.500.11984_473</setSpec><setSpec>col_20.500.11984_476</setSpec></header><metadata><record xmlns="http://www.loc.gov/MARC21/slim" xmlns:dcterms="http://purl.org/dc/terms/" xmlns:xsi="http://www.w3.org/2001/XMLSchema-instance" xmlns:doc="http://www.lyncode.com/xoai" xsi:schemaLocation="http://www.loc.gov/MARC21/slim http://www.loc.gov/standards/marcxml/schema/MARC21slim.xsd">
   <leader>00925njm 22002777a 4500</leader>
   <datafield ind2=" " ind1=" " tag="042">
      <subfield code="a">dc</subfield>
   </datafield>
   <datafield ind2=" " ind1=" " tag="720">
      <subfield code="a">Telleria, Iñigo Ramirez de Okariz</subfield>
      <subfield code="e">author</subfield>
   </datafield>
   <datafield ind2=" " ind1=" " tag="260">
      <subfield code="c">2021</subfield>
   </datafield>
   <datafield ind2=" " ind1=" " tag="520">
      <subfield code="a">Humanitate  eta  Gizarte  Zientzien  arloko  Irakasleak  Prestatzeko  Masterra  egiten  ari  di-ren ikasleek gizarteaz eta gizarteak irakaskuntzari buruz duen ikuspegiaz gogoeta egin behar luketela iri-tzita,  eta,  horrenbestez,  eta,  halaber  irakaskuntzaren  gizarte-testuingurua  zein  den  kontuan  hartu  behar luketela  kontuan  hartuta,  hiru  galderari  erantzuten  saiatu  behar  genuke:  1)  Zein  da  gizarte-ezagutzaren funtzioa  gaur  egun?  2) Zergatik  eta  zertarako  irakasten  ditugu  gizarte-zientziak?  eta  3) Zer  eduki  trans-mititu nahi ditugu? Lehenbiziko bi galderei erantzunez, gizarte-zientzien zer paradigma mota sustatu nahi dugun pentsatu eta hausnartuko dugu, eta horrek eramango gaitu hirugarren galderari erantzuteko propo-samenak egitera. Nolanahi ere, azken galdera horri erantzun aurretik, gogoeta egin beharra dago ezagutza-arloko  irakasle  izateko  asmoa  duten  pertsonekin,  gai  izan  daitezen  kontzienteki  erantzuteko  zergatik  eta zertarako erabaki duten gizarte-zientzien eredu jakin bat sustatzea.</subfield>
   </datafield>
   <datafield ind2=" " ind1=" " tag="520">
      <subfield code="a">In the belief that students pursuing a Master’s degree in Teacher Training in the Hu-manities  and  Social  Sciences  should  reflect  on  society  and  society’s  view  of  teaching,  and  therefore also keeping in mind that they should consider what the social context of teaching should be, we will try to answer the following three questions: 1) What is the function of social knowledge today? 2) Why and for what purpose do we teach the social sciences? and 3) What content do we wish to transmit? In answering the first two questions, we will think about and reflect on what kind of paradigm we wish to promote  in  the  social  sciences, and  that  will lead  us  to  propose  answers  to  the  third  question.  In  any case, before we answer the final question, reflection is needed with those who intend to become teach-ers  of  knowledge,  so  that  they  will  be  able  to  consciously  explain  why  and  for  what  purpose  they  de-cided to promote a given model of the social sciences.</subfield>
   </datafield>
   <datafield ind1="8" ind2=" " tag="024">
      <subfield code="a">0214-9753</subfield>
   </datafield>
   <datafield ind1="8" ind2=" " tag="024">
      <subfield code="a">https://katalogoa.mondragon.edu/janium-bin/janium_login_opac.pl?find&amp;ficha_no=167403</subfield>
   </datafield>
   <datafield ind1="8" ind2=" " tag="024">
      <subfield code="a">https://hdl.handle.net/20.500.11984/5480</subfield>
   </datafield>
   <datafield tag="653" ind2=" " ind1=" ">
      <subfield code="a">Mondragon Unibertsitatea</subfield>
   </datafield>
   <datafield tag="653" ind2=" " ind1=" ">
      <subfield code="a">Irakasleak  prestatzeko  masterra</subfield>
   </datafield>
   <datafield tag="653" ind2=" " ind1=" ">
      <subfield code="a">Gizarte-testuingurua eta  edukiak</subfield>
   </datafield>
   <datafield tag="653" ind2=" " ind1=" ">
      <subfield code="a">Giza  eta  gizarte-zientzien  epistemologia</subfield>
   </datafield>
   <datafield tag="653" ind2=" " ind1=" ">
      <subfield code="a">Erronketan  oinarritutako  ikaskuntza</subfield>
   </datafield>
   <datafield tag="653" ind2=" " ind1=" ">
      <subfield code="a">Unibertsitate-hezkuntza</subfield>
   </datafield>
   <datafield tag="653" ind2=" " ind1=" ">
      <subfield code="a">Mondragon University</subfield>
   </datafield>
   <datafield tag="653" ind2=" " ind1=" ">
      <subfield code="a">Master’s degree in Teacher Training</subfield>
   </datafield>
   <datafield tag="653" ind2=" " ind1=" ">
      <subfield code="a">Social context and content</subfield>
   </datafield>
   <datafield tag="653" ind2=" " ind1=" ">
      <subfield code="a">Epistemology of the humanities and social sciences</subfield>
   </datafield>
   <datafield tag="653" ind2=" " ind1=" ">
      <subfield code="a">Challenge-based learning</subfield>
   </datafield>
   <datafield tag="653" ind2=" " ind1=" ">
      <subfield code="a">University education</subfield>
   </datafield>
   <datafield ind2="0" ind1="0" tag="245">
      <subfield code="a">Giza eta gizarte-zientziak eta irakasleen Prestakuntzarako unibertsitate-masterra: paradigma epistemologikoa</subfield>
   </datafield>
</record></metadata></record></GetRecord></OAI-PMH>